| 000 | 00841nam a2200229 i 4500 | ||
|---|---|---|---|
| 001 | 131291 | ||
| 003 | ES-MaACL | ||
| 005 | 20250728113740.0 | ||
| 007 | t| | ||
| 008 | 070214s1929 fr r ||||1| fre d | ||
| 100 | 1 |
_aRobinson, Theodore H. _997906 |
|
| 245 | 1 | 0 |
_aIntroduction a l'Histoire des religions / _cTheodore H. Robinson ; traduit de l'anglais par Georges Roth. |
| 260 |
_aParis : _bPayot, _c1929. |
||
| 300 |
_a240 p. ; _c23 cm. |
||
| 490 | 1 | _aBibliotheque historique | |
| 505 | 8 | _aContiene: La religion primitive ; L'animisme ; Le polytheisme ; Les religions philosophiques ; Le monotheisme ; L'islamisme ; Le christianisme | |
| 650 | 0 | 4 |
_aReligiones- _xHistoria _916823 |
| 700 | 1 |
_aRoth, Georges. _999949 |
|
| 830 | 0 |
_aBibliotheque historique _9180899 |
|
| 852 |
_aES-MaACL _jA-1351 |
||
| 999 |
_c131291 _d131291 |
||